000 00826nas a2200265 4500
001 BR2011005662
003 BR-BrBNA
005 20231205115621.0
007 ta
008 230509b bl.|||p| |||| 00| 00por d
040 _aBR-BrBNA
_bpor
_cBiblioteca Nacional de Agricultura
041 _a(Pt)
072 _aF01
100 1 _aZied, D.C.
100 1 _aMinhoni, M.T. de A.
245 1 _aInfluência do ambiente de cultivo na produção do cogumelo Agaricus Blazei SS. Heinemann (A. Brasiliensis)
650 _aBASIDIOMICETES
650 _aPRÁTICA CULTURAL
650 _aSISTEMA DE CULTIVO
650 _aESTUFA
650 _aPRODUTIVIDADE
773 0 _tEnergia na Agricultura (Brazil)
_xISSN 1808-8759
_g(2009), v. 24(1) p. 17-34
_wBR2011005662
909 _a202311
_bLúcia
_c55
_dLúcia Elande
942 _2AGRIS
_n0
_cANA
999 _c214813
_d214813